| 000 | 00850nam a2200241 a 4500 | ||
|---|---|---|---|
| 001 | 000025956 | ||
| 005 | 20200930024201.0 | ||
| 008 | 110224s1965 sp r 000 0 spa d | ||
| 040 |
_aDO-SdBNP _bspa _cBNPHU |
||
| 041 | 1 | 7 |
_aspa _hfre _2Código de idioma MARC |
| 082 |
_aNNN _bC129m |
||
| 100 | 1 |
_aCaffarel, Henri, _d1903-1996. _952831 |
|
| 240 | 1 | 0 |
_aLe mariage, ce grand sacrement _lEspañol. |
| 245 | 1 | 0 |
_aEl matrimonio, ese gran sacramento / _cHenri Caffarel ; traducción por Santos Beguiristain. |
| 260 |
_aMadrid : _bEuramérica, _c[1965]. |
||
| 300 |
_a261, [7] p. ; _c18 cm. |
||
| 490 | 1 |
_amatrimonio y hogar _v26 |
|
| 500 | _aIncluye notas al pie de las páginas | ||
| 534 |
_aTítulo original: _tLe mariage, ce grand sacrement |
||
| 700 | 1 |
_aBeguiristain, Santos _etr. _952832 |
|
| 830 | 0 |
_amatrimonio y hogar _v26 _952833 |
|
| 049 | _aBNGR | ||
| 999 |
_c25448 _d25448 |
||